Nevyhovoval som nikomu

Bibliographic Details
Main Author: Slišková, Nora (Author)
Other Authors: Benický, Roman, 1965- (fot)
Format: Article
Language:Slovak
Subjects:

MARC

LEADER 00000nab a2200000 a 4500
001 vtls000932952
003 SK-MaSNL
005 20260303034435.0
008 040720e20040313xo 0 slo
035 |a KE41829 
040 |a KEVKJB  |b slo  |c KEVKJB  |e AACR2 
041 0 |a slo 
044 |a xo  |c SK 
080 |a 323  |2 1981 
100 1 |a Slišková, Nora  |4 aut  |9 266806 
245 1 0 |a Nevyhovoval som nikomu 
590 |a Schuster, Rudolf 1934-, 
600 1 7 |a Schuster, Rudolf,  |d 1934-,   |2 KEVKJB  |9 86070 
650 0 7 |a vnútorná politika  |2 KEVKJB  |9 970 
650 0 7 |a rozhovory  |2 KEVKJB  |9 453585 
651 7 |a Košice (Slovensko)  |2 KEVKJB  |9 18694 
651 7 |a KE,  |2 KEVKJB  |9 877256 
655 7 |a periodikum  |2 snkbucl  |9 29553 
700 1 |a Benický, Roman,  |d 1965-  |4 fot  |9 164144 
773 0 8 |t Pravda  |g Roč. 14, č.61, 13.3.2004, s. 1,4 
852 |a ZVYKNI  |b KIS3GCP 
999 |c 1673549  |d 1675479